20 bài thực hành Power Point 2007

Sách trình bày các kiến thức căn bản về PowerPoint 2007, các kiến thức nâng cao , tạo các hiệu ứng. Sách còn giới thiệu 20 bài thực hành PowerPoint 2007

Zapisane w:
Opis bibliograficzny
1. autor: Công Tuân
Format: Książka
Język:Undetermined
Wydane: Hà Nội Văn hóa Thông tin 2008
Hasła przedmiotowe:
Etykiety: Dodaj etykietę
Nie ma etykietki, Dołącz pierwszą etykiete!
Thư viện lưu trữ: Trung tâm Học liệu Trường Đại học Cần Thơ
LEADER 00854nam a2200217Ia 4500
001 CTU_142182
008 210402s9999 xx 000 0 und d
020 |c 35000 
082 |a 005.58 
082 |b C455 
100 |a Công Tuân 
245 0 |a 20 bài thực hành Power Point 2007 
245 0 |c Công Tuân, Công Bình 
260 |a Hà Nội 
260 |b Văn hóa Thông tin 
260 |c 2008 
520 |a Sách trình bày các kiến thức căn bản về PowerPoint 2007, các kiến thức nâng cao , tạo các hiệu ứng. Sách còn giới thiệu 20 bài thực hành PowerPoint 2007 
650 |a Microsoft software,Presentation graphics software,Phần mềm PowerPoint 
650 |x PowerPoint 
904 |i Năm 
980 |a Trung tâm Học liệu Trường Đại học Cần Thơ